| 000 | 00948nam a22003017a 4500 | ||
|---|---|---|---|
| 001 | 4655 | ||
| 003 | FISKH | ||
| 005 | 20240919090725.0 | ||
| 008 | 240919b cb ||||| |||| 00| 0 eng d | ||
| 020 | _a0439369584 | ||
| 040 |
_aFISKH _beng _cFISKH _dFISKH |
||
| 050 | _aPZ7.A953 | ||
| 082 | _2813.6 | ||
| 100 |
_aAvi _d1937- |
||
| 245 |
_aWho stole the wizard of Oz? / _cBy Avi illustrated by Derek James |
||
| 250 | _aFirst printing in 2001 | ||
| 260 |
_aNew York : _bScholastic, _c2001. |
||
| 300 |
_a116 pages : _billustrations ; _c20cm |
||
| 505 | _aL | ||
| 520 | _aBecky and her brother use some ingenious clues to identify the person who stole five children's books from the town's library. | ||
| 521 | 8 |
_a520L
_bLexile |
|
| 521 | 8 |
_aL
_bRaz-Plus |
|
| 650 |
_2Adventure _aFiction _vRealistic fiction |
||
| 650 |
_2Chapter book _aMystery _vTwins |
||
| 700 |
_aJames, Derek _dIllustrator |
||
| 942 |
_2ddc _cBK _n0 |
||
| 999 |
_c4655 _d4655 |
||